[Event "ch-LTU 2017"]
[Site "masterchessopen.com Vilnius LTU"]
[Date "2017.03.01"]
[Round "6.29"]
[White "Mickus,Benas"]
[Black "Balanda,Audrius"]
[Result "1-0"]
[WhiteElo "1769"]
[BlackElo "1635"]

1.d4 d5 2.c4 c6 3.cxd5 cxd5 4.Bf4 e6 5.Nc3 Bd6 6.Bxd6 Qxd6 7.e3 Bd7 8.Bd3 Nf6
9.f4 a6 10.Nf3 Nc6 11.O-O Rc8 12.Ne5 O-O 13.Rf3 h6 14.Rg3 Nh7 15.Qh5 Nxe5
16.fxe5 Qe7 17.Qxh6 f5 18.Qh5 Be8 19.Qe2 Bc6 20.Rc1 Qh4 21.Rh3 Qg5 22.b4 g6
23.Rg3 Qh6 24.Rc2 Ng5 25.Qe1 f4 26.exf4 Rxf4 27.Ne2 Rh4 28.h3 Rf8 29.Qc1 Rh5
30.Nf4 Rxf4 31.Bxg6 Rhh4 32.Bd3 Kf7 33.a4 Rxd4 34.Bxa6 Ne4 35.Rf3+ Ke8 36.Qe1
Rh5 37.b5 Nd2 38.Rf6 Qg5 39.Qf2 Qxe5 40.Rf8+ Kd7 41.Qf7+ Kd6 42.Rd8+ {#r} 1-0

[Event "ch-LTU 2017"]
[Site "masterchessopen.com Vilnius LTU"]
[Date "2017.03.01"]
[Round "6.30"]
[White "Bagvilas,Lukas"]
[Black "Boyajyan,David"]
[Result "1-0"]
[WhiteElo "1740"]
[BlackElo "1601"]

1.e4 e6 2.d4 d5 3.Nc3 Nf6 4.e5 Nfd7 5.f4 c5 6.dxc5 Nc6 7.a3 Bxc5 8.Qg4 O-O
9.Nf3 f5 10.Qh3 Be7 11.Bd3 Nc5 12.O-O Ne4 13.Be3 h6 14.Nd4 Bc5 15.Bxe4 fxe4
16.Nxc6 Bxe3+ 17.Qxe3 bxc6 18.Rfd1 Qb6 19.Qxb6 axb6 20.g3 Bd7 21.Nxe4 Rfd8
22.Nd6 Ra7 23.Rd3 c5 24.Rb3 Rb8 25.Rd3 g6 26.Rad1 Bc6 27.h3 b5 28.c3 Kf8 29.g4
Ke7 30.Rf1 Rg8 31.Kh2 Bd7 32.f5 gxf5 33.gxf5 exf5 34.Nxf5+ Bxf5 35.Rxf5 Ke6
36.Rf6+ Kxe5 37.Rxh6 Rag7 38.Rh5+ Ke4 39.Rd2 d4 40.cxd4 cxd4 41.Rh4+ Ke5
42.Rhxd4 Ke6 43.Rd6+ Ke5 44.R6d5+ Ke4 45.Rxb5 {#r} 1-0

[Event "ch-LTU 2017"]
[Site "masterchessopen.com Vilnius LTU"]
[Date "2017.03.01"]
[Round "6.31"]
[White "Juodzevicius,Karolis"]
[Black "Zukauskas,P"]
[Result "0-1"]
[WhiteElo "1444"]
[BlackElo "1730"]

1.e4 c6 2.d4 d5 3.e5 g6 4.Nf3 Bg4 5.h3 Bxf3 6.Qxf3 Bg7 7.Bd2 e6 8.h4 h5 9.g4
Qb6 10.Bc3 hxg4 11.Qxg4 Nh6 12.Qd1 Nf5 13.Qg4 c5 14.dxc5 Qxc5 15.Bd3 d4 16.Bd2
Qxe5+ 17.Kd1 Nc6 18.Re1 Qd5 19.Bg5 Nce7 20.Na3 O-O-O 21.Bxe7 Nxe7 22.Be2 Nf5
23.Bf3 Qc5 24.Qe4 Rd7 25.b4 Qc3 26.Rb1 Qxa3 27.Ke2 Rxh4 28.Bg4 d3+ 29.cxd3 Rd4
30.Rec1+ Kb8 31.Qg2 Qxd3+ 32.Ke1 Rdxg4 33.Rb3 Qxb3 34.Qf1 Re4+ {#R} 0-1

[Event "ch-LTU 2017"]
[Site "masterchessopen.com Vilnius LTU"]
[Date "2017.03.01"]
[Round "6.34"]
[White "Kadonas,Kestutis"]
[Black "Pocius,Ricardas Povilas"]
[Result "1-0"]
[WhiteElo "1843"]
[BlackElo "1484"]

1.e4 b6 2.f4 e6 3.Nf3 Be7 4.Nc3 Bb7 5.e5 a6 6.d4 c5 7.d5 exd5 8.Nxd5 Bxd5
9.Qxd5 Nc6 10.Bc4 Nh6 11.f5 Nb4 12.Qe4 Ng8 13.c3 Nc6 14.O-O Rc8 15.Be3 Qc7
16.Rad1 h5 17.e6 dxe6 18.fxe6 Nd8 19.Ng5 Nf6 20.exf7+ Nxf7 21.Qg6 {#r} 1-0

[Event "ch-LTU 2017"]
[Site "masterchessopen.com Vilnius LTU"]
[Date "2017.03.01"]
[Round "6.35"]
[White "Matulaitis,Vidmantas"]
[Black "Kuvsinov,A"]
[Result "0-1"]
[WhiteElo "1682"]
[BlackElo "1804"]

1.e4 e5 2.Nf3 Nc6 3.Bc4 Be7 4.d4 d6 5.dxe5 dxe5 6.Qxd8+ Bxd8 7.Nc3 Nf6 8.Be3
O-O 9.h3 a6 10.a4 Be7 11.O-O Bd6 12.Bg5 Nh5 13.Nd5 h6 14.Bd2 g5 15.c3 Kg7
16.Be2 Nf6 17.Nxf6 Kxf6 18.b4 Be6 19.h4 Rg8 20.hxg5+ hxg5 21.b5 Na5 22.Rab1
axb5 23.axb5 Nb3 24.Be3 Ra2 25.Rfe1 g4 26.Nh4 Nd2 27.Rbd1 Nxe4 28.Ra1 Nxc3
29.Rxa2 Bxa2 30.Bd3 Be6 31.g3 Nd5 32.Bd2 Ra8 33.Ng2 Bb4 34.Re2 Bxd2 35.Rxd2
Ra1+ 36.Kh2 Nb4 37.Be2 Ra2 38.Rxa2 Nxa2 39.Ne3 Nc3 40.Bxg4 Nxb5 41.Bd1 Nc3
42.Bc2 b5 43.f3 {#R} 0-1

[Event "ch-LTU 2017"]
[Site "masterchessopen.com Vilnius LTU"]
[Date "2017.03.01"]
[Round "6.36"]
[White "Bandza,Rokas"]
[Black "Venckevicius,Justas"]
[Result "1-0"]
[WhiteElo "1477"]
[BlackElo "1497"]

1.e4 c6 2.Nf3 d5 3.Nc3 dxe4 4.Nxe4 Nf6 5.Nxf6+ exf6 6.d4 Bd6 7.Bd3 O-O 8.h3
Re8+ 9.Be3 Nd7 10.O-O Nf8 11.Qd2 Ng6 12.c4 f5 13.Qc2 f4 14.Bd2 Qf6 15.Bc3 Qd8
16.Rfe1 Be6 17.b4 Nh4 18.Nxh4 Qxh4 19.f3 h6 20.c5 Bc7 21.b5 Rac8 22.bxc6 bxc6
23.Be4 Bb8 24.Qa4 Bd7 25.Rab1 Re7 26.Bc2 Rxe1+ 27.Rxe1 Qg3 28.Qa6 Bxh3
29.Qxc8+ {#r} 1-0

[Event "ch-LTU 2017"]
[Site "masterchessopen.com Vilnius LTU"]
[Date "2017.03.01"]
[Round "6.37"]
[White "Posaskov,Nikita"]
[Black "Skietrys,Eugenijus"]
[Result "1-0"]
[WhiteElo "1378"]
[BlackElo "1442"]

1.d4 Nf6 2.c4 e5 3.dxe5 Ng4 4.e3 Nxe5 5.Nh3 Bb4+ 6.Bd2 Qe7 7.Nf4 c6 8.Nc3 d6
9.Ne4 Bxd2+ 10.Qxd2 Nxc4 11.Qd4 d5 12.Qxg7 dxe4 13.Qxh8+ Kd7 14.Bxc4 Qb4+
15.Qc3 Qxc3+ 16.bxc3 Ke7 17.Kd2 Nd7 18.Bb3 Ne5 19.h3 a5 20.a4 b5 21.axb5 cxb5
22.Nd5+ {#r} 1-0

[Event "ch-LTU 2017"]
[Site "masterchessopen.com Vilnius LTU"]
[Date "2017.03.01"]
[Round "6.38"]
[White "Povilaitis,Tomas"]
[Black "Motuza,Nedas"]
[Result "1-0"]
[WhiteElo "1607"]
[BlackElo "1378"]

1.e4 c6 2.d4 d5 3.exd5 cxd5 4.Bd3 Nc6 5.c3 Nf6 6.h3 e6 7.Bf4 Bd6 8.Bxd6 Qxd6
9.Nf3 O-O 10.O-O b6 11.Nbd2 Bb7 12.Re1 Nd7 13.Rc1 Rac8 14.Qe2 Rfe8 15.Bb5 a6
16.Bxc6 Rxc6 17.Ne5 Rc7 18.Ndf3 Nxe5 19.Nxe5 Rce7 20.f4 f6 21.Nd3 Bc6 22.b3 b5
23.Qf2 a5 24.h4 Bb7 25.h5 Ba6 26.h6 gxh6 27.Qh4 Rf8 28.Qxh6 Rg7 29.Nc5 Bc8
30.Re3 Rg6 31.Qh4 f5 32.Nd3 Kh8 33.Ne5 Rg7 34.Rh3 Qc7 35.Rf1 Rfg8 36.Qf6 Re8
37.Rff3 Qd8 38.Nf7+ {#r} 1-0

[Event "ch-LTU 2017"]
[Site "masterchessopen.com Vilnius LTU"]
[Date "2017.03.01"]
[Round "6.42"]
[White "Viliamas,Dovydas"]
[Black "Danovski,Henryk"]
[Result "1-0"]
[WhiteElo "1176"]
[BlackElo "1409"]

1.e4 c6 2.d4 d5 3.e5 Bf5 4.Bd3 Bxd3 5.Qxd3 e6 6.Be3 Qb6 7.Qb3 Nd7 8.Nf3 f6
9.Nbd2 Qa6 10.c4 fxe5 11.dxe5 Nc5 12.Bxc5 Bxc5 13.Ng5 Ke7 14.Qh3 Nh6 15.Nxe6
Qb6 16.O-O Rhg8 17.Nxg7 Rxg7 18.Qxh6 Rag8 19.g3 Kd7 20.Rad1 Qd8 21.cxd5 Kc7
22.Ne4 Qf8 23.d6+ Kb6 24.Qc1 Bxd6 25.exd6 Qf3 26.Qc5+ Ka6 27.Qc4+ Kb6 28.Qb4+
Ka6 29.Nc5# 1-0

[Event "ch-LTU 2017"]
[Site "masterchessopen.com Vilnius LTU"]
[Date "2017.03.01"]
[Round "7.2"]
[White "Brazdzionis,A"]
[Black "Stauskas,Lukas"]
[Result "0-1"]
[WhiteElo "2288"]
[BlackElo "2272"]

1.e4 c5 2.Nf3 e6 3.d4 cxd4 4.Nxd4 a6 5.Nc3 Qc7 6.Be3 d6 7.Qd2 Nf6 8.f3 b5
9.O-O-O b4 10.Nce2 d5 11.e5 Nfd7 12.f4 Nc5 13.Ng3 Nbd7 14.Kb1 a5 15.Bd3 g6
16.h4 h5 17.Rde1 Ba6 18.Rhf1 Nxd3 19.cxd3 Nc5 20.Rc1 Qd7 21.Rxc5 Bxc5 22.Nb3
Bxe3 23.Qxe3 Rc8 24.Rd1 a4 25.Nc5 d4 26.Nxd7 dxe3 27.Nf6+ Ke7 28.Nfe4 b3
29.Nc3 Rhd8 30.d4 Bb7 31.Nge2 Bxg2 32.Rd3 Bf1 33.Rxe3 Bxe2 34.Nxe2 Rc2 35.axb3
axb3 36.Re4 Ra8 37.Nc3 Rh2 38.Re1 Rd8 {#R} 0-1

[Event "ch-LTU 2017"]
[Site "masterchessopen.com Vilnius LTU"]
[Date "2017.03.01"]
[Round "7.3"]
[White "Grabliauskas,V"]
[Black "Chocenka,D"]
[Result "0-1"]
[WhiteElo "2367"]
[BlackElo "2216"]

1.e4 c5 2.Nf3 d6 3.c3 Nf6 4.Be2 g6 5.O-O Bg7 6.Bb5+ Bd7 7.Bxd7+ Nbxd7 8.Re1
O-O 9.d4 cxd4 10.cxd4 d5 11.e5 Ne4 12.Nbd2 Nxd2 13.Bxd2 e6 14.h4 h6 15.Rc1 Nb8
16.Rc3 Nc6 17.h5 g5 18.Rce3 Rc8 19.Qe2 a6 20.Rd3 b5 21.Nh2 Ne7 22.Bb4 Re8
23.Bxe7 Rxe7 24.Rg3 Qb6 25.Qe3 f5 26.exf6 Bxf6 27.Rd1 Rc4 28.Ng4 Bg7 29.b3
Rcc7 30.f4 gxf4 31.Nxh6+ Kh8 32.Qxf4 e5 33.Qf3 e4 34.Nf7+ Rxf7 35.Qg4 Bxd4+
36.Kh1 Rg7 37.Qh4 Qf6 {#R} 0-1

[Event "ch-LTU 2017"]
[Site "masterchessopen.com Vilnius LTU"]
[Date "2017.03.01"]
[Round "7.4"]
[White "Bieliauskas,M"]
[Black "Malisauskas,V"]
[Result "0-1"]
[WhiteElo "2154"]
[BlackElo "2415"]

1.c4 e5 2.g3 g6 3.Bg2 Bg7 4.Nc3 Ne7 5.d3 d6 6.h4 h5 7.Nf3 c5 8.Rb1 Nbc6 9.a3
a5 10.O-O O-O 11.Bd2 Bg4 12.Ne1 Qd7 13.Nc2 Bh3 14.b4 Bxg2 15.Kxg2 cxb4 16.axb4
d5 17.cxd5 Nxd5 18.Ne4 a4 19.b5 Nd4 20.Nxd4 exd4 21.Nc5 Qe7 22.Nxa4 Nc3
23.Nxc3 dxc3 24.Bg5 Qe6 25.e4 Ra2 26.Rc1 Bd4 27.Rc2 Rfa8 28.Rxa2 Rxa2 29.Qf3
c2 30.e5 Qxe5 31.Qxb7 Rb2 32.Bc1 Qxb5 33.Qc8+ Kg7 34.Qd8 Qxd3 35.Re1 Rb3
36.Re8 Qf3+ {#R} 0-1

[Event "ch-LTU 2017"]
[Site "masterchessopen.com Vilnius LTU"]
[Date "2017.03.01"]
[Round "7.5"]
[White "Juknis,P"]
[Black "Pultinevicius,Paulius"]
[Result "1-0"]
[WhiteElo "2222"]
[BlackElo "2391"]

1.c4 e5 2.g3 Nf6 3.Nc3 d5 4.cxd5 Nxd5 5.Bg2 Nb6 6.Nf3 Nc6 7.O-O Be7 8.a3 a5
9.d3 O-O 10.Be3 Re8 11.Rc1 Bf8 12.Na4 Bd7 13.Nxb6 cxb6 14.Re1 a4 15.d4 exd4
16.Nxd4 Na5 17.Qd3 Bc5 18.Nc2 Qe7 19.Rcd1 Be6 20.Bxc5 bxc5 21.Ne3 c4 22.Qc3
Qc5 23.Bd5 Bxd5 24.Rxd5 Rxe3 25.Rxc5 Rxc3 26.bxc3 g6 27.Rd1 b6 28.Rb5 {#r} 1-0

[Event "ch-LTU 2017"]
[Site "masterchessopen.com Vilnius LTU"]
[Date "2017.03.01"]
[Round "7.10"]
[White "Vaicekauskas,G"]
[Black "Grybas,G"]
[Result "1-0"]
[WhiteElo "2228"]
[BlackElo "2028"]

1.e4 c6 2.d4 d5 3.exd5 cxd5 4.c4 Nf6 5.Nc3 e6 6.Nf3 Be7 7.cxd5 exd5 8.h3 O-O
9.Bd3 Nc6 10.O-O h6 11.Be3 Be6 12.Rc1 Rc8 13.Bb1 a6 14.Ne5 Na5 15.Qd3 Nc4
16.Rc2 b5 17.Re2 Qc7 18.Nd1 Nd6 19.g4 Qb7 20.f3 b4 21.Rg2 Qb5 22.Qd2 Nc4
23.Qf2 Nxe3 24.Nxe3 Nd7 25.f4 Nxe5 26.fxe5 f6 27.Nf5 Qd7 28.Qh4 Rc7 29.Rgf2
Rf7 30.Nxe7+ Qxe7 31.Bg6 fxe5 32.Bxf7+ Bxf7 33.Qxe7 Rxe7 34.dxe5 Bg6 35.Rf8+
Kh7 36.Rb8 Rxe5 37.Rxb4 Re3 38.Kh2 Re2+ 39.Kg3 Be4 40.h4 h5 41.gxh5 Rg2+
42.Kh3 {#r} 1-0

[Event "ch-LTU 2017"]
[Site "masterchessopen.com Vilnius LTU"]
[Date "2017.03.01"]
[Round "7.12"]
[White "Narmontas,R"]
[Black "Kaunas,K"]
[Result "0-1"]
[WhiteElo "2001"]
[BlackElo "2169"]

1.e4 Nf6 2.Nc3 d5 3.e5 d4 4.Nce2 Ng4 5.Nf3 Nc6 6.h3 Ngxe5 7.Nexd4 Nxd4 8.Nxe5
Bf5 9.d3 Qd5 10.Nc4 Qxc4 11.dxc4 Nxc2+ 12.Ke2 Nxa1 13.Be3 Nc2 14.Qd5 Bc8
15.Bd2 c6 16.Qe5 f6 17.Qc3 Bf5 18.g4 Be4 19.f3 Bg6 20.Be3 e5 21.Qb3 O-O-O
22.Bxa7 Nd4+ 23.Bxd4 Rxd4 24.Qa4 Kb8 25.Ke1 Be7 26.b4 Rhd8 27.Be2 Rd2 28.Rg1
Rb2 29.c5 Rdd2 30.Rg2 f5 31.g5 Bxg5 32.Rxg5 Rxe2+ 33.Kd1 Rbd2+ 34.Kc1 Rxa2
{#R} 0-1

[Event "ch-LTU 2017"]
[Site "masterchessopen.com Vilnius LTU"]
[Date "2017.03.01"]
[Round "7.14"]
[White "Rositsan,B"]
[Black "Diciunas,Valdas"]
[Result "1-0"]
[WhiteElo "2097"]
[BlackElo "1809"]

1.e4 e5 2.f4 exf4 3.Bc4 d6 4.d4 Qh4+ 5.Kf1 g5 6.Nf3 Qh5 7.h4 Bg4 8.Nc3 c6
9.Kf2 Bxf3 10.gxf3 Bh6 11.d5 Ne7 12.dxc6 Nbxc6 13.Nb5 Rd8 14.Nxd6+ Kf8 15.b3
g4 16.Ba3 g3+ 17.Kg2 Ne5 18.Qe2 Qg6 19.Nf5 Nc6 20.Rad1 Re8 21.Rd6 f6 22.Rhd1
Bg7 23.Rxc6 bxc6 24.Nxe7 Rxe7 25.Rd8+ {#r} 1-0

[Event "ch-LTU 2017"]
[Site "masterchessopen.com Vilnius LTU"]
[Date "2017.03.01"]
[Round "7.19"]
[White "Petraitis,G"]
[Black "Feofanov,Boris"]
[Result "0-1"]
[WhiteElo "1925"]
[BlackElo "1711"]

1.e4 d6 2.d4 Nf6 3.Nc3 e6 4.f4 b6 5.Nf3 Bb7 6.Bb5+ Nbd7 7.Qe2 a6 8.Bd3 Be7
9.Be3 c5 10.dxc5 Nxc5 11.Bxc5 dxc5 12.Rd1 Qc7 13.e5 Nd5 14.Nxd5 Bxd5 15.c4 Bc6
16.O-O O-O 17.Be4 Rad8 18.b3 Qb7 19.Bxc6 Qxc6 20.g3 h6 21.Rfe1 Rfe8 22.Kf2 g6
23.Rxd8 Rxd8 24.Rd1 Qc8 25.Ke3 Kg7 26.Rd3 Rxd3+ 27.Qxd3 Qc6 28.g4 b5 29.Qe4
Qc8 30.Nd2 Qd7 31.Qd3 Qb7 32.Ne4 b4 33.Qd2 Qc6 34.Qb2 Qd7 35.h3 Qd1 36.Qd2
Qg1+ 37.Nf2 Bh4 {#R} 0-1

[Event "ch-LTU 2017"]
[Site "masterchessopen.com Vilnius LTU"]
[Date "2017.03.01"]
[Round "7.20"]
[White "Janulaitis,Albertas"]
[Black "Bagvilas,Lukas"]
[Result "1-0"]
[WhiteElo "1907"]
[BlackElo "1740"]

1.d4 g6 2.c4 Bg7 3.Nc3 c5 4.d5 Bxc3+ 5.bxc3 f5 6.Nf3 d6 7.Qa4+ Bd7 8.Qb3 Qc7
9.Rb1 Bc8 10.Qb5+ Nd7 11.Ng5 Nf6 12.Ne6 Qb8 13.a4 Ne4 14.f3 Nf6 15.a5 Kf7
16.g4 fxg4 17.fxg4 Ne5 18.g5 a6 19.Qb3 Nh5 20.Bh3 Bxe6 21.Bxe6+ Kg7 22.Qxb7
Qd8 23.Rb6 Nxc4 24.Rxa6 Rb8 25.Qa7 Ra8 26.Qxa8 Qxa8 27.Rxa8 Rxa8 28.O-O Ne5
29.c4 h6 30.gxh6+ Kh7 31.Bg5 Nf6 32.Rb1 Ne4 33.h4 Nxc4 34.Rb7 Nxg5 35.hxg5
Rxa5 36.Rxe7+ Kh8 37.Bf7 Ne5 38.Rxe5 dxe5 39.Bxg6 Kg8 40.Bf5 Ra8 41.Kf2 c4
42.g6 c3 43.Be6+ Kf8 44.g7+ Ke7 45.h7 c2 46.g8=Q Rxg8 47.hxg8=Q c1=Q 48.Qf7+
Kd6 49.Qd7+ {#r} 1-0

[Event "ch-LTU 2017"]
[Site "masterchessopen.com Vilnius LTU"]
[Date "2017.03.01"]
[Round "7.21"]
[White "Zukauskas,P"]
[Black "Paknys,Mindaugas"]
[Result "0-1"]
[WhiteElo "1730"]
[BlackElo "1836"]

1.d4 Nf6 2.f4 g6 3.Nf3 Bg7 4.e3 d5 5.Bd3 c5 6.b3 Nc6 7.c3 cxd4 8.exd4 O-O
9.O-O Bg4 10.h3 Bxf3 11.Qxf3 e6 12.Bb2 Rc8 13.Nd2 a6 14.a4 Qb6 15.b4 Nxb4
16.a5 Qd6 17.Bb1 Nc6 18.Ba3 Qc7 19.Bxf8 Kxf8 20.Nb3 Na7 21.Nc5 Nb5 22.Rc1 Nh5
23.Kh1 Qxf4 24.Qxf4 Nxf4 25.Rf1 Ne2 26.Nxe6+ Kg8 27.Re1 fxe6 28.Rxe2 Rxc3
29.Rc2 Bxd4 30.Rxc3 Nxc3 31.Bd3 e5 32.Ra3 e4 33.Bf1 e3 34.Rb3 e2 35.Bxe2 Nxe2
36.Rxb7 Be3 37.Re7 {#R} 0-1

[Event "ch-LTU 2017"]
[Site "masterchessopen.com Vilnius LTU"]
[Date "2017.03.01"]
[Round "7.26"]
[White "Muzas,Kestutis"]
[Black "Juodzevicius,Darius"]
[Result "0-1"]
[WhiteElo "1642"]
[BlackElo "1930"]

1.d4 Nf6 2.Nf3 e6 3.c4 d5 4.Nc3 Be7 5.Bg5 b6 6.cxd5 exd5 7.e3 h6 8.Bh4 O-O
9.Be2 Bb7 10.Rc1 Nbd7 11.O-O c5 12.dxc5 bxc5 13.Bg3 Qb6 14.b3 Rac8 15.Ne5 Rfd8
16.Bb5 Nxe5 17.Bxe5 d4 {#R} 0-1

[Event "ch-LTU 2017"]
[Site "masterchessopen.com Vilnius LTU"]
[Date "2017.03.01"]
[Round "7.27"]
[White "Kraujunas,Vladas"]
[Black "Bandza,Rokas"]
[Result "1-0"]
[WhiteElo "1860"]
[BlackElo "1477"]

1.e4 e6 2.d4 d5 3.Nc3 Nf6 4.Bg5 Be7 5.e5 Nfd7 6.Bxe7 Qxe7 7.f4 c5 8.Nb5 Nf8
9.Nd6+ Kd8 10.dxc5 Ng6 11.g3 f6 12.Nf3 Nc6 13.Bb5 fxe5 14.fxe5 Ncxe5 15.Nxe5
Nxe5 16.Qh5 Ng6 17.O-O Rf8 18.Qxh7 Ne5 19.Rxf8+ Qxf8 20.Rf1 Qe7 21.Qh5 Nc6
22.Rf7 {#r} 1-0

[Event "ch-LTU 2017"]
[Site "masterchessopen.com Vilnius LTU"]
[Date "2017.03.01"]
[Round "7.29"]
[White "Kusner,Michail"]
[Black "Leclere,Daniel"]
[Result "1-0"]
[WhiteElo "1841"]
[BlackElo "1418"]

1.e4 c5 2.Nf3 Nc6 3.Bc4 Nf6 4.Nc3 Nxe4 5.Bxf7+ Kxf7 6.Nxe4 e6 7.d3 Be7 8.O-O
Rf8 9.Nfg5+ Kg8 10.Qh5 h6 11.Nh3 d5 12.Nc3 Nd4 13.Bxh6 Bf6 14.Bd2 Nxc2 15.Rac1
Nb4 16.Nf4 Bg5 17.Nxe6 Bxe6 18.Bxg5 Qe8 19.Qh4 Nxd3 20.Rcd1 Nb4 21.Be7 Rf7
22.Bxc5 Na6 23.Bd4 Rc8 24.Rfe1 Qd7 25.Bxa7 Rc4 26.Bd4 b5 27.Re5 Rf5 28.Rxf5
Bxf5 29.Qg5 b4 30.Nxd5 Rc1 31.Nf6+ Kf7 32.Qxc1 gxf6 33.Bxf6 Qe6 34.Bh4 Bg4
35.Re1 {#r} 1-0

[Event "ch-LTU 2017"]
[Site "masterchessopen.com Vilnius LTU"]
[Date "2017.03.01"]
[Round "7.32"]
[White "Gurevicius,Arunas"]
[Black "Dailidenas,Justas"]
[Result "0-1"]
[WhiteElo "1683"]
[BlackElo "1510"]

1.Nf3 c5 2.e4 d6 3.Bc4 Nf6 4.e5 dxe5 5.Nxe5 e6 6.d3 Bd6 7.Bf4 Qc7 8.d4 O-O
9.Nc3 Rd8 10.Nb5 Qe7 11.Nxf7 Kxf7 12.Nxd6+ Rxd6 13.Bxd6 Qxd6 14.dxc5 Qxc5
15.Qe2 Nc6 16.O-O Bd7 17.Rfe1 Re8 18.Rad1 a6 19.a3 b5 20.Ba2 Bc8 21.g4 a5
22.h4 h6 23.Rd3 Kf8 24.Qf3 b4 25.Qe2 Ba6 26.c4 bxc3 27.Qe3 Qxe3 28.Rdxe3 cxb2
29.g5 hxg5 30.hxg5 Nd7 31.Rxe6 Rxe6 32.Rxe6 Bc4 33.Bxc4 b1=Q+ 34.Kg2 Nde5
35.Bd5 Qf5 {#R} 0-1

[Event "ch-LTU 2017"]
[Site "masterchessopen.com Vilnius LTU"]
[Date "2017.03.01"]
[Round "7.35"]
[White "Girdziusas,Kestutis"]
[Black "Povilaitis,Tomas"]
[Result "0-1"]
[WhiteElo "1409"]
[BlackElo "1607"]

1.e4 c6 2.Nc3 d5 3.Nf3 dxe4 4.Nxe4 Nf6 5.Ng3 h5 6.h4 Bg4 7.Be2 e6 8.d4 Bd6
9.Ne5 Bxe5 10.dxe5 Qa5+ 11.Bd2 Qxe5 12.Bc3 Qc7 13.Bb4 c5 14.Bc3 Nbd7 15.Qd3
O-O-O 16.Bxg4 Nxg4 17.Qe2 Ndf6 18.Ne4 Qc6 19.f3 Nxe4 20.fxe4 Qc7 21.Qf3 Rh6
22.Bxg7 Rg6 23.Bc3 Nh2 24.Qh3 Rg3 25.Qxh2 Qf4 26.Qxg3 Qxg3+ 27.Kf1 Rg8 28.Rg1
Rg4 29.Bd2 Rxe4 30.Re1 Rd4 31.Re3 Qf4+ 32.Ke2 Rxd2+ 33.Kxd2 Qf2+ 34.Kd3 Qxg1
35.Re2 Qd4# 0-1

[Event "ch-LTU 2017"]
[Site "masterchessopen.com Vilnius LTU"]
[Date "2017.03.01"]
[Round "7.36"]
[White "Boyajyan,David"]
[Black "Juodzevicius,Karolis"]
[Result "1-0"]
[WhiteElo "1601"]
[BlackElo "1444"]

1.Nf3 d5 2.b3 e6 3.Bb2 Nf6 4.e3 c5 5.Bb5+ Bd7 6.Bxd7+ Nbxd7 7.O-O Bd6 8.d3 O-O
9.Nbd2 Rc8 10.e4 Be7 11.Re1 d4 12.a4 a6 13.Qe2 Qc7 14.Rec1 Rfd8 15.Ba3 Bf8
16.Bb2 Be7 17.a5 Ne8 18.Nc4 Nd6 19.Nxd6 Bxd6 20.g3 Nb8 21.Nd2 Nc6 22.Nc4 Qe7
23.Rf1 Ne5 24.Nb6 Rb8 25.f4 Nc6 26.Qe1 Bc7 27.Nc4 Nb4 28.Qd2 f6 29.f5 Re8
30.Ba3 Nc6 31.Rab1 Ne5 32.Nxe5 Bxe5 33.b4 cxb4 34.Bxb4 Bd6 35.Bxd6 Qxd6 36.Qb4
Qxb4 37.Rxb4 e5 38.Rfb1 Re7 39.Rb6 Rc7 40.R1b2 Rbc8 41.Rxb7 Rxc2 42.Rxc2 Rxc2
43.Rb6 Ra2 44.Rxa6 Ra1+ 45.Kg2 Ra3 46.Ra8+ Kf7 47.a6 Rxd3 48.Ra7+ Ke8 49.Rb7
Ra3 50.a7 {#r} 1-0

[Event "ch-LTU 2017"]
[Site "masterchessopen.com Vilnius LTU"]
[Date "2017.03.01"]
[Round "7.38"]
[White "Venckevicius,Justas"]
[Black "Likatavicius,Rapolas"]
[Result "1-0"]
[WhiteElo "1497"]
[BlackElo "1417"]

1.e4 d5 2.Nc3 Nf6 3.e5 Nfd7 4.d4 e6 5.f4 c5 6.dxc5 Bxc5 7.Qg4 O-O 8.Nf3 f5
9.Qh3 Nc6 10.Ng5 h6 11.Nxe6 Qe7 12.Nxf8 Qxf8 13.Nxd5 Bb6 14.Nxb6 Nxb6 15.Qb3+
Kh8 16.Be3 Nb4 17.Bxb6 axb6 18.c3 Be6 19.Qxb4 {#r} 1-0

[Event "ch-LTU 2017"]
[Site "masterchessopen.com Vilnius LTU"]
[Date "2017.03.01"]
[Round "7.40"]
[White "Motuza,Nedas"]
[Black "Matulaitis,Vidmantas"]
[Result "0-1"]
[WhiteElo "1378"]
[BlackElo "1682"]

1.d4 Nf6 2.c4 e5 3.dxe5 Ne4 4.a3 d6 5.b3 Nc6 6.exd6 Bxd6 7.Nd2 Qf6 8.Nxe4 Qxa1
9.Nxd6+ cxd6 10.Nf3 Bg4 11.h3 Bxf3 12.exf3 O-O 13.Bd3 Rfe8+ 14.Kf1 Re7 15.g3
Rae8 16.Kg2 Qc3 17.Qd2 Qxb3 18.h4 Ne5 19.Bxh7+ Kxh7 20.h5 Qxf3+ 21.Kg1 Nd3
22.Rh2 Re1+ {#R} 0-1

[Event "ch-LTU 2017"]
[Site "masterchessopen.com Vilnius LTU"]
[Date "2017.03.02"]
[Round "8.2"]
[White "Malisauskas,V"]
[Black "Jegorovas,A"]
[Result "1-0"]
[WhiteElo "2415"]
[BlackElo "2282"]

1.d4 Nf6 2.c4 e6 3.Nf3 d5 4.Nc3 c6 5.Bg5 Nbd7 6.e3 Qa5 7.cxd5 Nxd5 8.Qd2 Bb4
9.Rc1 b6 10.e4 Nxc3 11.bxc3 Ba3 12.Rc2 O-O 13.Be2 Ba6 14.O-O Bxe2 15.Qxe2 Rfe8
16.e5 c5 17.Qe4 Qa4 18.Bc1 Bxc1 19.Rfxc1 h6 20.g4 Rad8 21.g5 hxg5 22.Nxg5 Nf8
23.Rd2 Re7 24.Qh4 Red7 25.Rd3 Qc4 26.Rh3 Ng6 27.Qh7+ Kf8 28.Rf3 Nxe5 29.dxe5
Rd1+ 30.Rxd1 Rxd1+ 31.Kg2 Qf1+ 32.Kg3 Qg1+ 33.Kf4 Rd5 34.Qh5 Qc1+ 35.Kg4 Qg1+
36.Kh3 Qf1+ 37.Kh4 {#r} 1-0

[Event "ch-LTU 2017"]
[Site "masterchessopen.com Vilnius LTU"]
[Date "2017.03.02"]
[Round "8.5"]
[White "Salna,Aleksandras"]
[Black "Brazdzionis,A"]
[Result "0-1"]
[WhiteElo "1963"]
[BlackElo "2288"]

1.d4 e6 2.Nf3 f5 3.Bf4 Nf6 4.e3 g6 5.Be2 Bg7 6.O-O O-O 7.c4 d6 8.Nc3 Qe7 9.b4
Nc6 10.b5 Nd8 11.Na4 Nf7 12.Ng5 e5 13.Nxf7 exf4 14.Ng5 fxe3 15.Bf3 exf2+
16.Rxf2 Ng4 17.Bd5+ Kh8 18.Qd2 Nxf2 19.Kxf2 Qf6 20.Rd1 a6 21.Nc3 axb5 22.Nxb5
c6 23.Nc7 Rb8 24.Ne8 Rxe8 25.Nf7+ Kg8 26.Re1 Qh4+ {#R} 0-1

[Event "ch-LTU 2017"]
[Site "masterchessopen.com Vilnius LTU"]
[Date "2017.03.02"]
[Round "8.6"]
[White "Kaunas,K"]
[Black "Klabis,R"]
[Result "0-1"]
[WhiteElo "2169"]
[BlackElo "2252"]

1.d4 Nf6 2.Nf3 e6 3.c4 b6 4.a3 Bb7 5.Nc3 d5 6.cxd5 exd5 7.Bg5 Be7 8.Qa4+ c6
9.e3 O-O 10.Bd3 Ne4 11.Bxe4 dxe4 12.Nxe4 Bxg5 13.Nexg5 h6 14.Ne4 c5 15.dxc5
Qd3 16.Ng3 Nd7 17.Rd1 Nxc5 18.Rxd3 Nxa4 19.Rd2 Rfd8 20.Nd4 Bxg2 21.Rg1 Bh3
22.Ngf5 Bxf5 23.Nxf5 g6 24.Nxh6+ Kf8 25.Ng4 Rac8 26.Rxd8+ Rxd8 27.b3 Nc3
28.Kf1 Nb1 29.Ke2 Rd2+ 30.Kf3 Nxa3 31.Ne5 Nb5 32.Rg4 Rd5 33.Nc6 a5 34.Rc4 Rd3
35.b4 a4 36.Ne5 Rb3 37.Nd7+ Kg7 38.Nxb6 a3 39.Rc8 a2 {#R} 0-1

[Event "ch-LTU 2017"]
[Site "masterchessopen.com Vilnius LTU"]
[Date "2017.03.02"]
[Round "8.8"]
[White "Pultinevicius,Paulius"]
[Black "Rositsan,B"]
[Result "1-0"]
[WhiteElo "2391"]
[BlackElo "2097"]

1.e4 d5 2.exd5 Qxd5 3.Nc3 Qa5 4.d4 Nf6 5.Nf3 Bg4 6.h3 Bh5 7.g4 Bg6 8.Ne5 e6
9.Bg2 Be4 10.Bxe4 Nxe4 11.Qf3 Nd6 12.O-O f6 13.Nd3 Nc6 14.d5 Nd4 15.Qd1 N6b5
16.Nxb5 Qxb5 17.c3 h5 18.cxd4 hxg4 19.Qb3 Qxb3 20.axb3 O-O-O 21.hxg4 Rxd5
22.Be3 Rh4 23.f3 e5 24.Kg2 exd4 25.Bf2 Rh6 26.Rxa7 Bd6 27.Rh1 Rxh1 28.Kxh1 Rb5
29.b4 Bxb4 30.Ra8+ Kd7 31.Ra4 c5 32.Nxb4 cxb4 33.Bxd4 Ke6 34.b3 f5 35.Kg2 fxg4
36.fxg4 Kd5 37.Bxg7 Ke4 38.Bf8 Rg5 39.Rxb4+ Kd3 40.Be7 Rg7 41.Bf6 Rc7 42.Kf3
Rc6 43.Rd4+ Kc2 44.Rc4+ {#r} 1-0